Recetas para sobrevivir a las exigencias del neocapitalismo /

Сохранить в:
Библиографические подробности
Главный автор: Papalini, Vanina
Формат: Текст
Метки: Добавить метку
Нет меток, Требуется 1-ая метка записи!

MARC

LEADER 00000 a a2200000 04500
001 45745
003
040
100 |a Papalini, Vanina  
245 |a Recetas para sobrevivir a las exigencias del neocapitalismo /  |c Vanina Papalini  
773 |g número245 (2013), págianas 163-177  
999 |c 20250  |d 20250